[Event "RUS-ch qual 57th"]
[Site "St Petersburg"]
[Date "2004.05.27"]
[Round "6"]
[White "Dolmatov, Sergey"]
[Black "Riazantsev, Alexander"]
[Result "1/2-1/2"]
[WhiteElo "2573"]
[BlackElo "2556"]
[Annotator "Lukacs"]
[PlyCount "104"]
[EventDate "2004.05.01"]
[EventType "swiss"]
[EventRounds "9"]
[EventCountry "RUS"]
[SourceTitle "CBM 102"]
[Source "ChessBase"]
[SourceDate "2004.09.23"]
[SourceVersion "1"]
[SourceVersionDate "2004.09.23"]
[SourceQuality "1"]

1. e4 {[%mdl 32]} c6 2. d4 d5 3. Nd2 dxe4 4. Nxe4 Bf5 5. Ng3 Bg6 6. h4 h6 7.
Nf3 Nd7 8. h5 Bh7 9. Bd3 Bxd3 10. Qxd3 e6 11. Bf4 Ngf6 12. O-O-O Be7 13. Kb1
O-O 14. Ne4 Nxe4 15. Qxe4 Nf6 16. Qe2 Qd5 17. Ne5 Qe4 18. Qxe4 Nxe4 19. Rhe1 (
19. Rhf1 Bg5 {1/2:1/2 A.Sokolov-Dautov, Bled ol 2002}) (19. Be3 Rfd8 20. c4
Rac8 (20... Kf8 21. g4 Nf6 22. f3 Nd7 23. f4 a6 24. Kc2 Nxe5 25. dxe5 $14 {
Stefansson-S.Kasparov, Tanta City 2001}) 21. g4 Nf6 22. f3 $14) 19... Nf6 (
19... Nxf2 $2 20. Rd2 Bh4 21. Ree2 $1 $16 {and the N is trapped.}) 20. g4 Rfd8
{Black wants to hold the d <-> first before attacking the [+] via c5.} (20...
c5 {is the other main alternative here.} 21. dxc5 Bxc5 22. Nd7 $5 (22. Be3 {
White is certainly slightly better because of the << P majority, the pressure
on the d <-> and the strong centralized N, but if Black defends himself
carefully he can consolidate his position.} Rfc8 (22... Bxe3 23. Rxe3 Rfd8 24.
Red3 Rxd3 25. Rxd3 Kf8 26. c4 Ke7 {neutralizing White's pressure on the d <->.}
) 23. c4 {White has a P majority on the << and the active pieces, but even so
the _|_ is rather drawish.} Kf8 24. Bxc5+ Rxc5 25. f4 Rc7 26. Rd4 Ke7 27. Red1
Re8 28. b3 {1/2:1/2 V.Gurevich-Khlian, Azov 1995}) (22. f3 Rfd8 {- 20....Rfd8})
22... Nxd7 23. Rxd7 {penetrating on the 7-th rank deserves attention, for
example.} Bxf2 24. Rf1 Bc5 25. Rxb7 $14) (20... Bd6 21. f3 a5 22. a4 (22. c4 a4
23. Rh1 Kh7 24. Bd2 Ng8 25. b4 (25. f4 {looked more consistant.}) 25... Ne7 {
From now on White has to reckon with b7-b5 all the time.} 26. Nd3 Rfd8 27. Rc1
Kg8 28. Rhd1 Kf8 29. Bf4 Bxf4 30. Nxf4 Rd6 31. Rd3 Rad8 32. Ne2 e5 33. Rcd1 b5
$1 34. c5 R6d7 35. Kc2 Nd5 {1/2-1/2 Navara-Mchedlishvili, Aghia Pelagia 2004})
22... Rfc8 23. Nd3 Bxf4 (23... Be7 24. c4 b5 $6 25. axb5 cxb5 26. cxb5 {
Black has cleared the way for his N to d5, but he has problems with gaining
back the P.} Nd5 27. Be5 Ra7 28. Nc5 $1 (28. Nf4 Rd8 29. Nxd5 Rxd5 30. b3 Rb7 {
1/2-1/2 Berescu-Arutinian, Olomouc 2004}) 28... a4 29. Rd3 Ra5 30. Rc1 $14) 24.
Nxf4 Rd8 $11) 21. Be3 $142 {This is Kasparov's novelty, he wants to prevent c5.
} (21. f3 Rac8 (21... c5 22. dxc5 Bxc5 23. c4 {/\ Kc2} Bf2 (23... Kf8 24. Kc2
Ke7 25. Rd3 Rac8 26. Red1 Rxd3 27. Nxd3 Bd4 28. Kb3 {b4 and then Kb3 would be
the ideal setup for White.} Nd7 29. Bd2 e5 $11 {and Black gets reasonable
counterchances on the >>, Andreev-Bets, Alushta Golden Autumn 2001.}) (23...
Rac8 24. Rxd8+ Rxd8 25. Kc2 {at least winning a tempo.} Kf8 26. a3 {/\ b4 and
a quick advance of pawns on the << is White's main threat. /\ b4 and the P
majority on the << is more and more dangerous.} Ke8 27. b4 Bd6 28. Rd1 Bc7 29.
Rxd8+ Bxd8 30. Be3 a6 31. Bd4 $14 {Kovalev-Kruppa, Berliner Summer 1993}) 24.
Rxd8+ (24. Rf1 Bd4 25. Rd3 Bxe5 26. Rxd8+ Rxd8 27. Bxe5 Nh7 28. b3 (28. Kc2 $5
f6 29. Bc3) 28... f6 29. Bf4 f5 {creating weaknesses in White's camp as well.}
30. Re1 fxg4 31. fxg4 Nf6 {and again Black has ample play against the weakened
pawns on the >>.} 32. Rxe6 Kf7 33. Re5 Nxg4 $11 {Lutz-Khenkin, Bundesliga 2002}
) 24... Rxd8 25. Re2 {It is advisable for White to keep one pair of rooks, the
penetration on the d <-> can be avoided by ...Kc2.} Bb6 26. Kc2 Kf8 27. b4 a6
28. Bg3 Ke7 29. Bh4 Bc7 30. Nd3 $14 {Seres-Krivoborodov, Budapest 2004}) (21...
Nd7 22. Nc4 (22. c4 Nxe5 23. dxe5 Rxd1+ {Black wants to exchange the rooks,
White's space advantage is not enough for a win in the _|_.} 24. Rxd1 Rd8 $11 {
Jenni-Heinig, Bad Worishofen op 2002}) 22... Nf8 23. Na5 Rd7 24. c3 Rc8 25. Kc2
Bd8 26. Nc4 Bc7 27. Bc1 f6 28. b3 b5 29. Nb2 Kf7 30. Nd3 $14 {
Ginzburg-Bykhovsky, Israel Int op 2003}) 22. c3 c5 (22... Kf8 23. Kc2 Nd5 24.
Bc1 c5 {Soon or later Black has to play this freeing move.} 25. dxc5 Rxc5 26.
f4 {The P structure is somewhat better for White.} b5 27. a3 Kg8 28. g5 hxg5
29. fxg5 $14 {Shirov-Kramnik, RUS-The World rapid 2002}) 23. dxc5 Bxc5 (23...
Nd5 24. Bc1) 24. Rxd8+ (24. Bc1 Bf2 25. Rf1 Bb6 26. Rxd8+ Rxd8 27. Kc2 {
It is advisable for White to exchange one pair of rooks and keep the other.}
Kf8 28. Re1 Bc7 29. Nd3 Bb6 30. a4 $14 {Guseinov-Mchedlishvili, EU-chT 2003})
24... Rxd8 25. c4 $14 {White's hopes are based on the advance of his << P
majority, Topalov-Akopian, Wijk aan Zee 2004 CBM 99.}) (21. c4 c5 $1 22. Be3 (
22. dxc5 Bxc5 23. f3 {- 21.f3}) 22... Bd6 (22... cxd4 23. Rxd4 Rxd4 24. Bxd4 {
and the white B is finally on the right /^.}) 23. f3 Rac8 24. b3 a6 ({There is
no need to hurry with} 24... cxd4 $143 25. Bxd4 Bb4 26. Rf1 a6 27. Kb2) 25. Bf2
cxd4 26. Bxd4 Bb4 27. Rg1 (27. Rf1 Rxd4 (27... b5 $5) 28. Rxd4 Bc3 29. Rfd1 {
- 27.Rg1}) 27... Rxd4 $5 (27... b5) 28. Rxd4 Bc3 29. Rgd1 Bxd4 30. Rxd4 $14 {
This is a typical _|_ of this whole 4...Bf5 Caro Kann. White's pieces are
better and he has the << P majority. However with a precise play Black can
still hold the _|_, Areshchenko-Grant, Istanbul 2003 CBM 96.}) (21. c3 {/\ Kc2}
c5 22. dxc5 Bxc5 23. f3 Rxd1+ (23... Nd5 24. Bd2 Bd6 25. Nd3 Rac8 26. Re2 Kf8
27. Rh1 Rc4 28. Kc2 Rdc8 29. Re4 Nb4+ 30. Nxb4 Rxb4 31. Bf4 Rb6 32. Be3 Bc5 33.
Bf4 Bd6 34. Bd2 {White certainly wants to avoid the repetition of moves.} Rbc6
35. a4 $14 {Kalezic-Mateuta, Bucharest Blue Autumn 2002}) 24. Rxd1 Nd5 25. Nd3
Be7 26. Bc1 Rd8 27. Kc2 f6 {/\ Kf7 bringing the K into action.} 28. Nf4 Kf7 29.
a3 b5 {blockading the light squares.} 30. Nxd5 Rxd5 31. Rxd5 {1/2:1/2
Lutz-Dorfman, Bled ol 2002}) (21. Rd3 c5 22. Red1 cxd4 23. Rxd4 Rxd4 24. Rxd4
Rd8 25. Rxd8+ Bxd8 {Without rooks White's advantage is only microscopical.} 26.
c4 Bc7 {This is a theoretically drawish _|_.} 27. f3 Nh7 28. b4 f6 {attacking
soon >< f3} 29. Nd3 Bxf4 30. Nxf4 Ng5 $11 {Thorteins-Lobron, Reykjavik op 1984}
) 21... Nd5 (21... Bd6 22. f3 {This is White's ideal P formation on the >>.}
Rac8 23. c4 a5 (23... Nd7 24. Nd3 $14) 24. a4 $1 {fixing the weakness on the
colour of the B.} Nd7 (24... Bb4 25. Rg1 $36) 25. Bd2 Bc7 26. Bc3 Kf8 (26...
Nxe5 {Black changes the P structure, the N was simply too strong in the [+].}
27. dxe5 $14 {Kasparov-Anand, Linares 2003 CBM 94}) 27. Kc2 Ke7 28. b3 $14) (
21... Kf8 22. f3 Nd5 23. Bd2 $14 {/\ c4 winning back the tempo.}) 22. Bc1 (22.
Bd2 {/\ c4} a5 (22... Bg5 23. c4 $14) 23. c4 Nf6 24. Be3 $14) (22. c4 Nxe3 23.
fxe3 c5 $11) 22... c5 23. c4 Nf6 24. dxc5 (24. Be3 cxd4 25. Rxd4 Rxd4 26. Bxd4
$14 {and the B is ideally posted.}) 24... Bxc5 25. f3 Bf2 26. Rf1 Bd4 27. Bf4
$14 {/\ Rd3, Rfd1 solving the problem of the d4B.} Nh7 (27... Rac8 28. Rd3 Bxe5
29. Rxd8+ Rxd8 30. Bxe5 $14) 28. Rd3 Bxe5 29. Rxd8+ Rxd8 30. Bxe5 f6 31. Bc3
Ng5 {>< f3} 32. Kc2 {White has avoided the penetration on the d <->, now he
can turn to the <<.} Kf7 33. b4 $1 {White has to advance his pawns on the <<
and defend himself on the other flank.} Ke7 34. a4 Rc8 35. c5 Rd8 (35... a5 $5
{weakening White's P structure on the << deserved attention.} 36. Kd3 $1 (36.
f4 $6 {allows the black N to come back.} Ne4 37. Kd3 axb4 38. Bxb4 Nxc5+ 39.
Kd4 $1 (39. Kc4 Kf7 $1) 39... b6 40. a5 Kf7 41. Bxc5 (41. axb6 Nd7) 41... Rxc5
42. axb6 Rb5 $11) 36... e5 37. f4 exf4 38. Rxf4 Ne6 39. Rf3 axb4 40. Bxb4 Rd8+
(40... Nxc5+ $2 {runs into a nasty pin.} 41. Kc4 Kf7 42. Bxc5 b6 43. Rf5 $16)
41. Kc3 $14) 36. Bd2 Rd5 37. Be3 f5 $1 {Black has to organize a counterplay on
the >>.} (37... Kd7 38. Kc3 $16) 38. c6 $5 (38. Bxg5+ hxg5 39. Kc3 {The R _|_
is usually drawish, but consists a lot of practical chances.} Kf6 40. Kc4 (40.
a5 a6 $11) 40... Rd2 41. b5 Rc2+ 42. Kb4 $14) 38... bxc6 39. Bxa7 Kd7 40. Bc5 (
40. Be3 $1 $14 {looks more precise.} Kc7 (40... Nf7 41. a5 $16) (40... fxg4 $2
41. fxg4 $18) 41. Bxg5 hxg5 {Even this R _|_ looks acceptable for Black.} 42.
a5 $1 (42. Re1 fxg4 (42... Rd4 $2 43. Kc3 Rf4 44. Rxe6 Rxf3+ 45. Kc4 fxg4 46.
Re7+) 43. fxg4 Rd4 44. Kc3 (44. Rxe6 Rxb4) 44... Rxg4 $11) 42... Rb5 $1 (42...
fxg4 43. fxg4 Rd4 44. Rf7+ Kd6 45. a6 Rxb4 46. a7 Ra4 47. Rxg7 $18) (42... Rd4
43. gxf5 exf5 44. Rg1 g4 45. fxg4 fxg4 46. Kc3 Rf4 47. Re1 $16) 43. gxf5 Rxf5 (
43... exf5 44. Rg1 f4 45. Re1) 44. Re1 Rxf3 45. Rxe6 Rh3 46. Rg6 Rxh5 47. Rxg7+
Kb8 (47... Kd6 48. a6 Rh3 49. Kb2 Rh8 50. Kc3 Ra8 51. a7 g4 52. Kc4 g3 53. b5
$18) 48. Kc3 Rh1 $1 49. Kd4 (49. Rxg5 Kb7 $11) 49... Rc1 $11) 40... Kc7 41. a5
(41. Bf8 Rd7 42. Rd1 Nxf3 43. gxf5 Nd4+ $1) 41... Kb7 42. Bf8 Rd7 43. Bc5 f4 $1
44. Rd1 (44. Kc3 e5 45. Kc4 Ka6 46. Bb6 Rd5 $11) 44... Rxd1 45. Kxd1 Nxf3 46.
Bf8 Ne5 47. g5 (47. Bxg7 Nxg4 48. Ke2 e5 49. Kf3 Nh2+ 50. Kg2 Ng4 $11) 47...
hxg5 48. Bxg7 Nf7 49. h6 Ka6 50. h7 c5 $1 {liquidating the remaining pawns.}
51. bxc5 Kxa5 52. Ke2 Kb5 1/2-1/2

[Event "Moscow-ch qual KO"]
[Site "Moscow"]
[Date "2006.03.20"]
[Round "1.1"]
[White "Halyavskiy, Nikita"]
[Black "Dolmatov, Sergey"]
[Result "1/2-1/2"]
[WhiteElo "2427"]
[BlackElo "2561"]
[PlyCount "26"]
[EventDate "2006.03.20"]
[EventType "k.o."]
[EventRounds "2"]
[EventCountry "RUS"]
[SourceTitle "CBM 111 ext"]
[Source "ChessBase"]
[SourceDate "2006.05.09"]
[SourceVersion "1"]
[SourceVersionDate "2006.05.09"]
[SourceQuality "1"]

1. e4 e6 2. d4 d5 3. Nc3 Bb4 4. e5 c5 5. a3 Bxc3+ 6. bxc3 Ne7 7. Qg4 O-O 8. Bd3
f5 9. exf6 Rxf6 10. Bg5 Rf7 11. Qh5 h6 12. Bg6 Rf8 13. Bxh6 gxh6 1/2-1/2

[Event "Moscow-ch qual KO"]
[Site "Moscow"]
[Date "2006.03.20"]
[Round "1.2"]
[White "Dolmatov, Sergey"]
[Black "Halyavskiy, Nikita"]
[Result "1-0"]
[WhiteElo "2561"]
[BlackElo "2427"]
[PlyCount "73"]
[EventDate "2006.03.20"]
[EventType "k.o."]
[EventRounds "2"]
[EventCountry "RUS"]
[SourceTitle "CBM 111 ext"]
[Source "ChessBase"]
[SourceDate "2006.05.09"]
[SourceVersion "1"]
[SourceVersionDate "2006.05.09"]
[SourceQuality "1"]

1. e4 c5 2. Nf3 d6 3. d4 cxd4 4. Nxd4 Nf6 5. Nc3 g6 6. Be3 Bg7 7. f3 O-O 8. Qd2
Nc6 9. O-O-O Nxd4 10. Bxd4 Be6 11. Kb1 Qc7 12. h4 Rfc8 13. h5 Qa5 14. h6 Bh8
15. a3 Rab8 16. Bxf6 exf6 17. Nd5 Qxd2 18. Rxd2 Kf8 19. g4 Rc5 20. Ne3 Rd8 21.
f4 f5 22. gxf5 gxf5 23. exf5 Bc8 24. Bd3 Re8 25. Nc4 Rd5 26. Rg2 Bd4 27. f6
Bxf6 28. Bxh7 Rd4 29. Bd3 Be6 30. h7 Ke7 31. Rg8 Bh8 32. f5 Bxc4 33. Re1+ Be6
34. fxe6 f5 35. Bxf5 Rf4 36. Bg6 Ref8 37. Bf7 1-0

[Event "Moscow-ch qual KO"]
[Site "Moscow"]
[Date "2006.03.22"]
[Round "2.1"]
[White "Amonatov, Farrukh"]
[Black "Dolmatov, Sergey"]
[Result "1-0"]
[WhiteElo "2564"]
[BlackElo "2561"]
[PlyCount "127"]
[EventDate "2006.03.20"]
[EventType "k.o."]
[EventRounds "2"]
[EventCountry "RUS"]
[SourceTitle "CBM 111 ext"]
[Source "ChessBase"]
[SourceDate "2006.05.09"]
[SourceVersion "1"]
[SourceVersionDate "2006.05.09"]
[SourceQuality "1"]

1. e4 e6 2. d4 d5 3. Nc3 Nf6 4. Bg5 dxe4 5. Nxe4 Nbd7 6. Nf3 h6 7. Nxf6+ Nxf6
8. Bxf6 Qxf6 9. Bb5+ c6 10. Bd3 g6 11. O-O Bg7 12. Qe2 O-O 13. b4 Qe7 14. c3 a5
15. a3 Bd7 16. Ne5 Rfd8 17. g3 Be8 18. h4 b6 19. Bc4 Ra7 20. Rfe1 axb4 21. axb4
Rda8 22. Rac1 h5 23. Qf3 Qc7 24. g4 hxg4 25. Qxg4 c5 26. h5 gxh5 27. Qxh5 cxd4
28. cxd4 Qd8 29. d5 exd5 30. Rcd1 d4 31. Re4 Qd6 32. Rde1 Kf8 33. Rf4 Qh6 34.
Ng6+ Kg8 35. Qf5 Ra1 36. Bxf7+ Bxf7 37. Qxf7+ Kh7 38. Rh4 Rxe1+ 39. Kg2 Qxh4
40. Nxh4 Rf8 41. Qg6+ Kh8 42. Nf5 Bf6 43. Qh5+ Kg8 44. Nh6+ Kg7 45. Ng4 Re6 46.
Qd5 Rfe8 47. b5 Kf8 48. f4 Bg7 49. f5 Rf6 50. Nxf6 Bxf6 51. Qc6 Kf7 52. Qc7+
Re7 53. Qxb6 Kg7 54. Qd6 Re5 55. Qc7+ Kh6 56. b6 Rxf5 57. b7 Be5 58. Qxe5 Rxe5
59. b8=Q Rg5+ 60. Kf3 d3 61. Qd6+ Rg6 62. Qxd3 Rf6+ 63. Kg4 Rg6+ 64. Kf5 1-0

[Event "Moscow-ch qual KO"]
[Site "Moscow"]
[Date "2006.03.22"]
[Round "2.2"]
[White "Dolmatov, Sergey"]
[Black "Amonatov, Farrukh"]
[Result "1/2-1/2"]
[WhiteElo "2561"]
[BlackElo "2564"]
[PlyCount "55"]
[EventDate "2006.03.20"]
[EventType "k.o."]
[EventRounds "2"]
[EventCountry "RUS"]
[SourceTitle "CBM 111 ext"]
[Source "ChessBase"]
[SourceDate "2006.05.09"]
[SourceVersion "1"]
[SourceVersionDate "2006.05.09"]
[SourceQuality "1"]

1. e4 e5 2. Nf3 Nc6 3. Bb5 a6 4. Ba4 Nf6 5. O-O b5 6. Bb3 Bc5 7. a4 Bb7 8. d3
O-O 9. Nc3 Na5 10. axb5 Nxb3 11. cxb3 axb5 12. Rxa8 Bxa8 13. Nxe5 d5 14. Bg5
Be7 15. Nxb5 dxe4 16. dxe4 Bxe4 17. Re1 Qxd1 18. Rxd1 Rd8 19. Rxd8+ Bxd8 20. f3
Bb7 21. Be3 Nd5 22. Bd4 f6 23. Nc4 Be7 24. Nc3 Kf7 25. Na4 Bc6 26. Na5 Bd7 27.
Nc3 Be6 28. Nxd5 1/2-1/2

[Event "RUS-chT2 16th"]
[Site "Dagomys"]
[Date "2009.04.10"]
[Round "9"]
[White "Dolmatov, Sergey"]
[Black "Galkin, Alexander"]
[Result "1/2-1/2"]
[WhiteElo "2557"]
[BlackElo "2617"]
[PlyCount "21"]
[EventDate "2009.04.02"]
[EventType "team-tourn"]
[EventRounds "9"]
[EventCountry "RUS"]
[SourceTitle "CBM 129 Extra"]
[Source "ChessBase"]
[SourceDate "2009.05.05"]
[SourceVersion "2"]
[SourceVersionDate "2009.05.20"]
[SourceQuality "1"]

1. e4 c5 2. Nf3 d6 3. d4 cxd4 4. Nxd4 Nf6 5. Nc3 a6 6. Be2 e6 7. a4 Be7 8. Be3
Nc6 9. O-O O-O 10. f4 Bd7 11. Nb3 1/2-1/2